[Event "Joao Pessoa AXCV op 5th"]
[Site "Joao Pessoa"]
[Date "2015.07.25"]
[Round "2"]
[White "Oliveira, Renato de Araujo"]
[Black "De Lima, Ednaldo Mariano Vas"]
[Result "1-0"]
[WhiteElo "2085"]
[BlackElo "1628"]
[PlyCount "71"]
[EventDate "2015.07.24"]
[EventType "swiss"]
[EventRounds "5"]
[EventCountry "BRA"]
[SourceTitle "EXT 2016"]
[Source "ChessBase"]
[SourceDate "2015.10.08"]
[SourceVersion "1"]
[SourceVersionDate "2015.10.08"]
[SourceQuality "1"]

1. e4 c5 2. c3 d6 3. d4 cxd4 4. cxd4 a6 5. Nf3 Nf6 6. Nc3 Bg4 7. Be2 g6 8. Qb3 Qc7 9. Ng5 e5 10. Bxg4 Nxg4 11. Nd5 Qd7 12. Nb6 Qe7 13. Nxa8 h6 14. Nf3 exd4 15. 0-0 Bg7 16. Nb6 Nc6 17. Nd5 Qd7 18. Re1 Nge5 19. Bf4 Na5 20. Qd1 Nac4 21. Nxe5 dxe5 22. Bc1 0-0 23. Bxh6 Nxb2 24. Qf3 f5 25. Bxg7 Kxg7 26. Qb3 Na4 27. Rac1 Qe8 28. Rc7+ Rf7 29. Rxf7+ Qxf7 30. Qxa4 fxe4 31. Qa5 b5 32. Qc7 Qxc7 33. Nxc7 d3 34. Kf1 Kf6 35. Rxe4 Kf5 36. f3 1-0

[Event "Paraiban-ch op"]
[Site "Cabo Branco"]
[Date "2015.06.06"]
[Round "4"]
[White "Da Silva, Antonio Dutra"]
[Black "De Lima, Ednaldo Mariano Vas"]
[Result "1-0"]
[WhiteElo "1753"]
[BlackElo "1623"]
[PlyCount "63"]
[EventDate "2015.06.04"]
[EventType "swiss"]
[EventRounds "5"]
[EventCountry "BRA"]
[SourceTitle "CBM 167 Extra"]
[Source "ChessBase"]
[SourceDate "2015.09.14"]
[SourceVersion "1"]
[SourceVersionDate "2015.09.14"]
[SourceQuality "1"]

1. Nf3 Nf6 2. g3 g6 3. Bg2 Bg7 4. 0-0 c5 5. d3 Nc6 6. e4 d6 7. Re1 Bg4 8. h3 Bxf3 9. Qxf3 Nd4 10. Qd1 0-0 11. e5 Ne8 12. c3 Nc6 13. exd6 Nxd6 14. Be3 c4 15. d4 Rc8 16. Na3 a6 17. Bg5 Re8 18. Qe2 Bf8 19. Rad1 h6 20. Bf4 b5 21. Qd2 Kh7 22. Nc2 e6 23. d5 Nb8 24. dxe6 Nf5 25. Qxd8 Rcxd8 26. Rxd8 Rxd8 27. g4 Ne7 28. exf7 g5 29. Be5 Ng6 30. Be4 Bg7 31. Bxg6+ Kxg6 32. Bxb8 1-0

[Event "Joao Pessoa op 08"]
[Site "Joao Pessoa"]
[Date "2013.08.04"]
[Round "5"]
[White "Prisma, Zenil Da Costa"]
[Black "De Lima, Ednaldo Mariano Vas"]
[Result "1-0"]
[WhiteElo "1785"]
[BlackElo "1800"]
[PlyCount "119"]
[EventDate "2013.08.02"]
[EventType "swiss"]
[EventRounds "6"]
[EventCountry "BRA"]
[SourceTitle "CBM 155 Extra"]
[Source "ChessBase"]
[SourceDate "2013.08.26"]
[SourceVersion "1"]
[SourceVersionDate "2013.08.26"]
[SourceQuality "1"]

1. d4 d5 2. c4 c6 3. Nc3 Nf6 4. Nf3 e6 5. Bg5 Be7 6. e3 Nbd7 7. Be2 0-0 8. 0-0 dxc4 9. Bxc4 b5 10. Bd3 a6 11. Rc1 c5 12. Ne2 c4 13. Bb1 Bb7 14. Ng3 h6 15. Bf4 Nd5 16. Be5 N5f6 17. h3 Re8 18. Qe2 Bf8 19. Rfd1 Qe7 20. e4 g6 21. Qc2 Bg7 22. Bxf6 Nxf6 23. e5 Nd5 24. Ne1 Nb4 25. Qe2 Nd5 26. Ne4 Red8 27. Nd6 Bc6 28. Qg4 Rxd6 29. exd6 Qxd6 30. Nf3 h5 31. Qg3 Qxg3 32. fxg3 Ne3 33. Re1 Nf5 34. Bxf5 exf5 35. b3 Bd5 36. bxc4 Bxc4 37. Rc2 Rd8 38. Rd1 f6 39. Kf2 g5 40. Rcd2 g4 41. Nh4 Bh6 42. Rc2 f4 43. gxf4 Bxf4 44. hxg4 hxg4 45. g3 Bg5 46. Nf5 Bd5 47. Ne7+ Kf7 48. Nxd5 Rxd5 49. Rc6 Rf5+ 50. Kg2 a5 51. Rc5 Rf3 52. Rxb5 Be3 53. Rb2 f5 54. d5 f4 55. gxf4 Bxf4 56. Rf2 Rg3+ 57. Kf1 Rf3 58. Rxf3 gxf3 59. Kf2 Bd6 60. Kxf3 1-0

[Event "Joao Pessoa op 08"]
[Site "Joao Pessoa"]
[Date "2013.08.02"]
[Round "2"]
[White "De Lima, Ednaldo Mariano Vas"]
[Black "Cabral Mesquita, Jussier"]
[Result "1-0"]
[WhiteElo "1800"]
[BlackElo "1820"]
[PlyCount "41"]
[EventDate "2013.08.02"]
[EventType "swiss"]
[EventRounds "6"]
[EventCountry "BRA"]
[SourceTitle "CBM 155 Extra"]
[Source "ChessBase"]
[SourceDate "2013.08.26"]
[SourceVersion "1"]
[SourceVersionDate "2013.08.26"]
[SourceQuality "1"]

1. c4 Nf6 2. Nf3 g6 3. g3 Bg7 4. Bg2 c6 5. Nc3 0-0 6. 0-0 d6 7. d4 Qb6 8. Na4 Qc7 9. c5 d5 10. Bf4 Qd8 11. Qc1 Bf5 12. h3 Na6 13. a3 Nc7 14. Bh6 Qd7 15. Ne5 Qe6 16. Bxg7 Kxg7 17. g4 Nxg4 18. hxg4 Bxg4 19. Qf4 h5 20. Nxg4 Qxg4 21. Qxc7 1-0